| 000 | 00397nam a22001697a 4500 | ||
|---|---|---|---|
| 003 | OSt | ||
| 005 | 20211130152329.0 | ||
| 008 | 211130b |||||||| |||| 00| 0 eng d | ||
| 020 | _a9781849205962 | ||
| 040 | _cHU | ||
| 082 | _a372.942/PRI | ||
| 100 |
_aPATRICIA DESICOLL _921138 |
||
| 245 | _aTHE PRIMARY CURRICULUM | ||
| 260 |
_aLONDON _bSAGE _c2012 |
||
| 300 | _a276P | ||
| 942 |
_2ddc _cBOOKS _n0 |
||
| 999 |
_c20792 _d20792 |
||